| 000 | 00704nam a22002297a 4500 | ||
|---|---|---|---|
| 001 | 0135 | ||
| 003 | DO-SdBNP | ||
| 005 | 20180222101721.0 | ||
| 007 | 0135 | ||
| 008 | 151005b1985 sp 00| 0 spa d | ||
| 020 | _a8474616255 | ||
| 040 |
_aBPMSU _bspa _cBPMSU |
||
| 100 | 1 | _aBoard, Tessa | |
| 245 | 1 | 4 |
_aLas crías de los animales / _cTessa Board |
| 260 |
_aMadrid : _bMultimedia publications, _c[1985]. |
||
| 300 |
_a56 p. : _bretrs. ; _c27 cm. |
||
| 505 | 1 |
_tIntroducción -- _tJóvenes depredadores -- _tAves -- _tHechos para correr -- _tLa lucha por la vida -- _tEl vínculo materno -- |
|
| 521 | 1 | _aA partir de los 12 años | |
| 942 |
_2ddc _cBK |
||
| 945 | _aInventariado, 2018/MFF | ||
| 956 | _aYngrid Lockward | ||
| 999 |
_c8804 _d8804 |
||